| 000 | 00391nam a22001577a 4500 | ||
|---|---|---|---|
| 003 | OSt | ||
| 005 | 20211221092808.0 | ||
| 008 | 211221b |||||||| |||| 00| 0 eng d | ||
| 020 | _a9788126512560 | ||
| 040 | _cHU | ||
| 082 |
_22nd _a001.424 |
||
| 100 |
_aRavindran _923679 |
||
| 245 | _aOperations Research Principles & Practice | ||
| 250 | _a2nd | ||
| 942 |
_2ddc _cBOOKS _e2nd _k001.424/RAV _n0 |
||
| 999 |
_c23025 _d23025 |
||